| 000 | 01128naa a22003017a 4500 | ||
|---|---|---|---|
| 001 | BR7000263 | ||
| 003 | BR-BrBNA | ||
| 005 | 20240918173358.0 | ||
| 007 | ta | ||
| 008 | 230509b bl.||||| |||| 00| 0 por d | ||
| 040 |
_aBR-BrBNA _bpor _cBiblioteca Nacional de Agricultura |
||
| 041 | _a(Pt) | ||
| 072 |
_aL00; L10 _b5300 _bG514 |
||
| 090 | _aL00 BR7000263 | ||
| 100 | 1 | _aSpers, A. (Comp.) | |
| 111 | 1 |
_a4. Seminario Nacional do Porco Carne _cFlorianopolis, SC (Brazil) _d9 Sep 1970 |
|
| 245 | 1 | _aEfeito da lampada de aquecimento e da gaiola de posicao na cricao de Suinos [Producao Animal; Melhoramento Genetico animal; Brasil] | |
| 260 | 3 |
_aFlorianopolis, SC (Brasil): _c1970. |
|
| 500 | _aAnais. 4. Seminario Nacional do Porco Carne Florianopolis, SC (Brasil): 1970. p. 140 (BR7000263-AM)L00 | ||
| 650 | _aProducao animal | ||
| 650 | _aMelhoramento Genetico animal | ||
| 650 | _aSuino | ||
| 650 | _aCriacao | ||
| 650 | _aParto | ||
| 773 | 0 |
_tAnais. 4. Seminario Nacional do Porco Carne _wL00 BR7000263 _gFlorianopolis, SC (Brasil), 1970. p. 140 |
|
| 909 |
_a202404 _bLucia _c55 _dLucia Elande |
||
| 942 |
_cAM _2AGRIS |
||
| 999 |
_c304285 _d304285 |
||